Central Library, Doon University
WEBOPAC (ONLINE PUBLIC ACCESS CATALOGUE)

Sustainable Agriculture Systems And Technology (Record no. 60218)

MARC details
000 -LEADER
fixed length control field 00548nam a22002057a 4500
005 - DATE & TIME
control field 20260225160841.0
008 - FIXED-LENGTH DATA ELEMENTS--GENERAL INFORMATION
fixed length control field 260203b |||||||| |||| 00| 0 eng d
020 ## - ISBN
International Standard Book Number 9788119680740
Price 995.00
040 ## - CATALOGING SOURCE
Original cataloging agency Doon University
041 ## - Language
Language English
082 ## - DDC NUMBER
Classification number 631.58
Book Number BHA
100 ## - MAIN ENTRY--PERSONAL NAME
Personal name Bhatt, Vipul
245 ## - TITLE STATEMENT
Title Sustainable Agriculture Systems And Technology
260 ## - PUBLICATION, DISTRIBUTION, ETC. (IMPRINT)
Place of publication, distribution, etc New Delhi
Name of publisher, distributor, etc Academic
Date of publication, distribution, etc 2024
300 ## - PHYSICAL DESCRIPTION
Pages 192
650 ## - Subject
Subject Environment Science
700 ## - Added Entry Personal Name
Added Entry Personal Name Rana, Mahima
700 ## - Added Entry Personal Name
Added Entry Personal Name Singh, Bhupinder
942 ## - ADDED ENTRY ELEMENTS (KOHA)
Koha item type Books
100 ## - MAIN ENTRY--PERSONAL NAME
-- 26175
650 ## - Subject
-- 310
700 ## - Added Entry Personal Name
-- 26407
700 ## - Added Entry Personal Name
-- 26408
952 ## - LOCATION AND ITEM INFORMATION (KOHA)
-- 2026-02-03
952 ## - LOCATION AND ITEM INFORMATION (KOHA)
-- 2026-02-03
952 ## - LOCATION AND ITEM INFORMATION (KOHA)
-- 2026-02-03
952 ## - LOCATION AND ITEM INFORMATION (KOHA)
-- 2026-02-25
952 ## - LOCATION AND ITEM INFORMATION (KOHA)
-- 2026-02-25
952 ## - LOCATION AND ITEM INFORMATION (KOHA)
-- 2026-02-25
Holdings
Withdrawn status Lost status Source of classification or shelving scheme Damaged status Not for loan Location (home branch) Sublocation or collection (holding branch) Date acquired Koha issues (times borrowed) Koha full call number Accession No. Koha date last seen Koha item type
          Doon University Doon University 03.02.2026   631.58 BHA 52028 03.02.2026 Books
          Doon University Doon University 03.02.2026   631.58 BHA 52029 03.02.2026 Books
          Doon University Doon University 03.02.2026   631.58 BHA 52030 03.02.2026 Books
        Not For Loan Doon University Doon University 25.02.2026   631.58 BHA 53072 25.02.2026 Reference
          Doon University Doon University 25.02.2026   631.58 BHA 53073 25.02.2026 Books
          Doon University Doon University 25.02.2026   631.58 BHA 53074 25.02.2026 Books
Contact : +91-135-2533126 (Library),+91-135-2533105 (Admin Office) , Email : doonlibrary@gmail.com

Powered by Koha